000 00683cam a22002531 4500
001 sa 67005120
003 DLC
005 20260227112354.0
008 910703s1963 ii a b 000 0 malo
010 _asa 67005120
035 _a(OCoLC)24026885
040 _aDLC
_cWaU
_dDLC
042 _apremarc
043 _aa-ii---
050 0 0 _aDS423
_b.P372
100 1 _aParamēśvaranpiḷḷa, Vi. Ār.,
_d1904-
245 1 0 _aPr̲ācīna likhitaṅṅaḷ.
260 _a[Trivandrum,
_c1963]
300 _a384 p.
_billus.
_c18 cm.
500 _aIn Malayalam.
504 _aBibliography: p. [364]-373.
651 0 _aIndia
_xCivilization.
651 0 _aKerala (India)
_xCivilization.
999 _c74982
_d74982